[Event "Israel Team Ch Under 18"]
[Site "Jerusalem"]
[Date "2017.08.14"]
[Round "4"]
[White "Fainman, Tomer"]
[Black "Gitzman, Michael"]
[Result "1-0"]
[WhiteElo "1976"]
[BlackElo "1912"]
[Annotator "NA RC"]
[PlyCount "121"]
[EventDate "2017.??.??"]
[EventType "swiss"]
[EventCountry "ISR"]
[SourceTitle "playchess.com"]
[Source "ChessBase"]
[SourceQuality "1"]
[TimeControl "40/5400+30:1800+30"]

{[%evp 17,112,38,30,36,42,26,35,22,29,5,0,7,27,16,25,15,29,38,40,30,26,29,33,0,0,0,0,0,3,-10,-14,-21,-14,-15,0,-7,0,-8,-7,-20,32767,32767,32767,32767,-10,-20,0,32767,32767,32767,330,311,912,475,497,496,490,504,515,515,496,498,500,498,490,475,479,411,488,493,483,485,32767,32767,32767,32767,32767,32767,32767,32767,32767,32767,32767,32767,32767,32767,32767,32767,32767,32767,32767,32767,32767,32767,1114,1177,1154]} 1. d4 {[%emt 0:40:13]} d5 {[%emt 0:40:41]} 2. c4 {[%emt 0:00:29]} e6 {[%emt 0:00:27]} 3. Nc3 {[%emt 0:00:26]} Nf6 {[%emt 0:00:22]} 4. cxd5 {[%emt 0:00:26]} exd5 {[%emt 0:00:30]} 5. Bg5 {[%emt 0:00:24]} Be7 {[%emt 0:00:26]} 6. Qc2 {[%emt 0:00:42]} c6 {[%emt 0:01:18]} 7. e3 {[%emt 0:00:30]} Nbd7 {[%emt 0:00:29]} 8. Bd3 {[%emt 0:00:34]} g6 {[%emt 0:00:32] D36: Queen's Gambit Declined: Exchange Variation: Main line (5 Bg5 c6 6 Qc2)} (8... Nh5 9. Bxe7 Qxe7 10. O-O-O Nb6 11. h3 g6 12. Nf3 Be6 13. Kb1 O-O-O 14. Nd2 Ng7 15. g4 Kb8 16. Nb3 h5 17. f3 Bc8 18. Qf2 hxg4 19. hxg4 Ne6 20. f4 {0-1 (75) Nakamura,H (2793)-Onischuk,A (2667) Saint Louis 2017}) 9. Nf3 {[%emt 0:01:30]} Nh5 {[%emt 0:01:13]} 10. Bxe7 {[%emt 0:01:18]} Qxe7 {[%emt 0:01:20] LiveBook: 7 Games} 11. O-O {[%emt 0:00:35]} Ndf6 {[%emt 0:00:50]} 12. Ne5 {[%emt 0:00:38]} Ng7 {[%emt 0:00:40]} 13. Rab1 {[%emt 0:01:29]} (13. Ne2 $5 {[%cal Re5c6]}) 13... Bf5 {[%emt 0:01:09]} 14. b4 {[%emt 0:01:02]} a6 $146 {[%emt 0:00:39]} ({Predecessor:} 14... O-O 15. Na4 Bxd3 16. Qxd3 a6 17. Nc5 Nf5 18. f3 {0-1 (89) Baraeva,M (2148)-Imnadze,N (2066) Budva 2013}) 15. Na4 {[%emt 0:00:57]} Bxd3 {[%emt 0:00:36]} 16. Qxd3 {[%emt 0:00:28]} Nf5 {[%emt 0:01:03]} 17. Nc5 {[%emt 0:01:57]} Nd6 {[%emt 0:01:00]} 18. Rfc1 {[%emt 0:00:35]} O-O {[%emt 0:01:10]} 19. a4 {[%emt 0:01:05]} Rfc8 {[%emt 0:04:48]} 20. a5 {[%emt 0:01:12]} Rc7 {[%emt 0:05:26]} 21. h3 {[%emt 0:01:23]} Kg7 {[%emt 0:01:31]} 22. Rc2 {[%emt 0:08:48]} Nfe4 {[%emt 0:03:59]} 23. Na4 {[%emt 0:04:29]} f6 {[%emt 0:09:12]} 24. Nb6 {[%emt 0:00:26]} Rb8 {[%emt 0:01:19]} (24... Rf8 $5 {[%cal Rf6e5]} 25. Nf3 Re8 $11) 25. Nf3 {[%emt 0:00:40]} Nc8 {[%emt 0:00:47]} 26. Na4 {[%emt 0:00:58]} Ned6 {[%emt 0:01:22]} 27. Nd2 {[%emt 0:00:43]} Na7 {[%emt 0:02:26]} 28. Nb6 {[%emt 0:02:09]} Nac8 {[%emt 0:01:05]} 29. Na4 {[%emt 0:00:34]} Na7 {[%emt 0:00:29]} 30. Rbc1 {[%emt 0:00:49]} Nab5 {[%emt 0:01:21]} 31. Nb6 {[%emt 0:01:58]} Nc8 {[%emt 0:01:02]} 32. Na4 {[%emt 0:00:41]} Qxb4 {[%emt 0:07:38]} 33. Nc5 {[%emt 0:00:48]} Re7 $2 {[%emt 0:02:21]} (33... Qxa5 $11 34. Ndb3 Qb6) 34. Ra2 {[%emt 0:00:41]} Re4 $2 {[%emt 0:05:51]} (34... Ncd6 35. Ra4 Qb2) 35. Ra4 {[%emt 0:02:07]} Qxa4 {[%emt 0:01:32]} 36. Nxa4 {[%emt 0:00:26]} Re7 {[%emt 0:00:25]} 37. Nc5 {[%emt 0:01:08]} Ncd6 {[%emt 0:00:27]} 38. Qb3 {[%emt 0:01:35]} Rbe8 {[%emt 0:00:58]} 39. Qd1 {[%emt 0:00:58]} Kf7 {[%emt 0:00:58]} 40. Qg4 {[%emt 0:00:40]} Kg7 {[%emt 0:30:47]} 41. Nb1 {[%emt 0:32:40]} Nc4 {[%emt 0:00:38]} 42. Nc3 {[%emt 0:00:48]} Nbd6 {[%emt 0:00:32]} 43. Ra1 {[%emt 0:01:13]} Kf7 {[%emt 0:00:26]} 44. Qd1 {[%emt 0:02:24]} Rc7 {[%emt 0:00:34]} 45. Nd3 {[%emt 0:00:52]} Rce7 {[%emt 0:00:25]} 46. Qc2 {[%emt 0:00:39]} Kg7 {[%emt 0:00:33]} 47. Nb2 {[%emt 0:00:35]} Rc7 {[%emt 0:00:31]} 48. Nxc4 {[%emt 0:00:32]} Nxc4 {[%emt 0:00:30]} 49. Qb3 {[%emt 0:00:47]} Ree7 {[%emt 0:00:29]} 50. Qb4 {[%emt 0:00:28]} Red7 {[%emt 0:00:30]} 51. Na4 {[%emt 0:00:36]} Rd8 {[%emt 0:00:31]} 52. Nc5 {[%emt 0:00:28]} Re7 {[%emt 0:00:30]} 53. Nxb7 {[%emt 0:00:36]} Rdd7 {[%emt 0:00:28]} 54. Nc5 {[%emt 0:00:30]} Ra7 {[%emt 0:00:22]} 55. Qb8 {[%emt 0:01:01]} f5 {[%emt 0:00:39]} 56. Qc8 $18 {[%emt 0:00:35]} f4 {[%emt 0:00:31]} 57. e4 {[%emt 0:01:17]} dxe4 {[%emt 0:00:27]} 58. Qxc6 {[%emt 0:00:26]} Nd2 {[%emt 0:00:34]} 59. Ne6+ {[%emt 0:00:42]} Rxe6 {[%emt 0:00:30]} 60. Qxe6 {[%emt 0:00:28]} f3 {[%emt 0:00:24]} 61. g3 {[%emt 0:00:39]} 1-0

[Event "Israel Team Ch Under 18"]
[Site "Jerusalem"]
[Date "2017.08.14"]
[Round "4"]
[White "Landau, Amit"]
[Black "Bronstein, Paz"]
[Result "1/2-1/2"]
[WhiteElo "1965"]
[BlackElo "1468"]
[Annotator "NA RC"]
[PlyCount "22"]
[EventDate "2017.??.??"]
[EventType "swiss"]
[EventCountry "ISR"]
[SourceTitle "playchess.com"]
[Source "ChessBase"]
[SourceQuality "1"]
[TimeControl "40/5400+30:1800+30"]

{[%evp 13,22,49,32767,32767,32767,32767,89,76,83,14,22]} 1. e4 d6 2. d4 Nf6 3. Bd3 e5 4. d5 g6 5. c4 Bg7 6. Nc3 Nbd7 7. Nge2 {LiveBook: 25 Games} O-O 8. O-O Nc5 9. Bc2 h6 10. b4 Ncd7 11. Ba3 ({White should try} 11. a3 $16) 11... a5 $11 1/2-1/2

[Event "Israel Team Ch Under 18"]
[Site "Jerusalem"]
[Date "2017.08.14"]
[Round "4"]
[White "Slobodiansky, Steven"]
[Black "Shohat, Yotam"]
[Result "1-0"]
[WhiteElo "1963"]
[BlackElo "2041"]
[Annotator "NA RC"]
[PlyCount "141"]
[EventDate "2017.??.??"]
[EventType "swiss"]
[EventCountry "ISR"]
[SourceTitle "playchess.com"]
[Source "ChessBase"]
[SourceQuality "1"]
[TimeControl "40/5400+30:1800+30"]

1. e4 {[%emt 0:40:11]} c5 {[%emt 0:40:42]} 2. Nf3 {[%emt 0:00:28]} g6 {[%emt 0:00:21]} 3. d4 {[%emt 0:00:33]} cxd4 {[%emt 0:00:26]} 4. Nxd4 {[%emt 0:00:26]} Nc6 {[%emt 0:00:25]} 5. Nc3 {[%emt 0:00:27]} Bg7 {[%emt 0:00:25]} 6. Be3 {[%emt 0:00:25]} Nf6 {[%emt 0:00:24]} 7. Bc4 {[%emt 0:00:43]} O-O {[%emt 0:00:26]} 8. Bb3 {[%emt 0:00:27]} d5 {[%emt 0:00:25]} 9. exd5 {[%emt 0:00:41] B35: Sicilian: Accelerated Dragon with 5 Nc3: main line} Na5 $1 {[%emt 0:00:26]} 10. O-O {[%emt 0:01:46]} Nxb3 {[%emt 0:02:00]} 11. Nxb3 {[%emt 0:00:48]} b6 {[%emt 0:00:26]} 12. Qd2 {[%emt 0:02:17]} Bb7 {[%emt 0:00:29]} 13. Rad1 {[%emt 0:01:04] LiveBook: 4 Games} Qc7 {[%emt 0:01:16] [#]} 14. Bh6 $146 {[%emt 0:00:43]} ({Predecessor:} 14. Bf4 Qc4 15. Rfe1 Rfd8 16. Qd4 Qxd4 17. Nxd4 Nxd5 18. Nxd5 Rxd5 {½-½ (68) Negi,P (2664)-Hou,Y (2683) Saint Louis 2015}) 14... Rfd8 {[%emt 0:04:45]} 15. Bxg7 {[%emt 0:00:58]} Kxg7 {[%emt 0:00:23]} 16. Nb5 {[%emt 0:13:45]} Qc4 {[%emt 0:01:16]} 17. Na3 {[%emt 0:02:53]} Qxd5 {[%emt 0:01:11]} 18. Qxd5 {[%emt 0:01:04]} Nxd5 {[%emt 0:00:37]} 19. Nb5 {[%emt 0:03:23]} Rac8 {[%emt 0:01:13]} 20. c3 {[%emt 0:00:51]} a6 {[%emt 0:05:59]} 21. N5d4 {[%emt 0:00:54]} Nf4 {[%emt 0:01:43]} (21... e5 $5 {[%cal Re5d4]} 22. Ne2 a5 $17) 22. Rfe1 {[%emt 0:13:54]} Kf6 {[%emt 0:10:30]} 23. g3 {[%emt 0:04:32]} Nh3+ {[%emt 0:01:29]} 24. Kf1 {[%emt 0:00:31]} e5 {[%emt 0:01:06]} 25. Nc2 {[%emt 0:02:36]} Ng5 {[%emt 0:02:56]} 26. Nd2 {[%emt 0:01:43]} Bf3 {[%emt 0:10:47]} 27. h4 {[%emt 0:01:22]} Bxd1 {[%emt 0:01:04]} 28. hxg5+ {[%emt 0:00:25]} Kxg5 {[%emt 0:00:25]} 29. Rxd1 {[%emt 0:00:26]} Kh6 {[%emt 0:02:00]} 30. Ke2 {[%emt 0:00:36]} Kg7 {[%emt 0:00:39]} 31. Ne3 {[%emt 0:01:45]} b5 {[%emt 0:02:33]} 32. Rh1 {[%emt 0:01:22]} Rd7 {[%emt 0:01:03]} 33. g4 {[%emt 0:00:54]} f6 {[%emt 0:01:08]} 34. Ne4 {[%emt 0:00:29]} h6 {[%emt 0:00:55]} 35. b4 {[%emt 0:00:46]} Rcd8 {[%emt 0:00:50] [#]} 36. Rd1 $2 {[%emt 0:01:13]} (36. a4 $1 $18 {[%mdl 512]}) 36... Rxd1 37. Nxd1 {[%emt 0:00:21]} f5 {[%emt 0:01:58]} 38. gxf5 {[%emt 0:00:30]} gxf5 {[%emt 0:00:21]} 39. Nc5 {[%emt 0:00:21]} Kf6 {[%emt 0:00:26]} 40. Ne3 {[%emt 0:00:27]} h5 {[%emt 0:31:00]} 41. a4 {[%emt 0:30:21]} h4 {[%emt 0:01:21]} 42. a5 {[%emt 0:00:24] [#]} Rd6 {[%emt 0:01:28]} (42... h3 $1 $19 {[%cal Rh3h2]} 43. Nf1 Rd6) 43. c4 $19 {[%emt 0:00:58]} (43. Nb7 $1 $11 {and White stays safe.} Rc6 44. Nc5) 43... bxc4 {[%emt 0:01:08]} 44. Nxc4 {[%emt 0:00:49]} Rd4 {[%emt 0:00:41]} 45. Nb6 {[%emt 0:00:26]} h3 {[%emt 0:00:50]} 46. Kf1 {[%emt 0:00:44]} Rd1+ {[%emt 0:00:27]} 47. Ke2 {[%emt 0:00:21]} h2 {[%emt 0:00:23]} 48. Kxd1 {[%emt 0:00:23]} h1=Q+ {[%emt 0:00:22]} 49. Ke2 {[%emt 0:00:21]} Qc6 {[%emt 0:01:11]} 50. Nbd7+ {[%emt 0:00:34]} Ke7 {[%emt 0:00:29]} 51. Nxe5 {[%emt 0:00:25]} Qb5+ {[%emt 0:00:25]} 52. Kf3 {[%emt 0:00:30]} Kf6 {[%emt 0:00:32]} 53. Ned3 {[%emt 0:00:28]} Qc4 54. Ke3 {[%emt 0:00:26]} Kg5 {[%emt 0:01:08]} 55. f4+ {[%emt 0:00:21]} Kh4 {[%emt 0:00:25]} 56. Kf3 {[%emt 0:00:24]} Qc2 {[%emt 0:00:27]} 57. Ke3 {[%emt 0:00:23]} Kg3 {[%emt 0:00:26]} 58. Nxa6 {[%emt 0:00:40]} Qc6 {[%emt 0:00:34]} 59. Nac5 {[%emt 0:00:21]} Kg2 {[%emt 0:00:44]} 60. a6 {[%emt 0:00:21]} Qf3+ {[%emt 0:00:33]} 61. Kd4 {[%emt 0:00:23]} Kf1 {[%emt 0:00:22]} 62. Kc4 {[%emt 0:00:32]} Ke2 {[%emt 0:00:30]} 63. b5 {[%emt 0:00:38]} Ke3 {[%emt 0:00:39]} 64. b6 {[%emt 0:00:27]} Qd1 {[%emt 0:00:28]} 65. b7 {[%emt 0:00:22]} Qc2+ {[%emt 0:00:22]} 66. Kd5 {[%emt 0:00:22]} Qa2+ {[%emt 0:00:22]} 67. Kc6 {[%emt 0:00:25]} Qg8 {[%emt 0:00:31]} 68. a7 {[%emt 0:00:37]} Qe8+ {[%emt 0:00:21]} 69. Kb6 {[%emt 0:00:32]} Qd8+ {[%emt 0:00:25]} 70. Ka6 {[%emt 0:00:30]} Qd6+ {[%emt 0:00:22]} 71. Kb5 {[%emt 0:00:21]} 1-0

[Event "Israel Team Ch Under 18"]
[Site "Jerusalem"]
[Date "2017.08.14"]
[Round "4"]
[White "Kupervaser, Erez"]
[Black "Chachashvili, Zuri"]
[Result "0-1"]
[WhiteElo "1868"]
[BlackElo "1911"]
[Annotator "NA RC"]
[PlyCount "126"]
[EventDate "2017.??.??"]
[EventType "swiss"]
[EventCountry "ISR"]
[SourceTitle "playchess.com"]
[Source "ChessBase"]
[SourceQuality "1"]
[TimeControl "40/5400+30:1800+30"]

{[%evp 8,108,-14,-5,-13,4,7,-28,11,0,0,-47,-37,-43,0,0,0,-74,23,-56,-51,-100,-15,0,-16,-14,-3,-24,-25,-34,-5,-56,-38,-66,-58,-152,-165,-153,-160,-204,-146,-240,-229,-234,-238,-301,-308,-322,-266,-282,-302,-297,-280,-279,-172,-297,32767,32767,32767,32767,-144,-149,-161,-145,-175,-161,-159,-224,-206,-250,-200,-177,32767,32767,32767,32767,32767,32767,32767,32767,32767,-303,-271,32767,32767,32767,32767,32767,32767,-225,-159,-250,-155,-296,-269,32767,32767,32767,32767,-958,-5210,-5522,-12839]} 1. d4 {[%emt 0:40:12]} Nf6 {[%emt 0:41:04]} 2. Nc3 {[%emt 0:00:22]} d5 {[%emt 0:00:48]} 3. Bf4 {[%emt 0:01:37]} e6 {[%emt 0:00:54]} 4. Nb5 {[%emt 0:00:27] D00: 1 d4 d5: Unusual lines} Na6 {[%emt 0:00:46]} 5. e3 {[%emt 0:00:24]} Be7 {[%emt 0:01:48]} (5... c6 6. Nc3 Bb4 7. Nge2 O-O 8. a3 Bd6 9. Ng3 Nc7 10. Bd3 Re8 11. Bxd6 Qxd6 {0-1 (42) Rapport,R (2717)-Wei,Y (2707) Yancheng 2016}) 6. Nf3 {[%emt 0:01:00]} O-O {[%emt 0:02:00] LiveBook: 18 Games} 7. Ne5 {[%emt 0:01:47]} c6 $146 {[%emt 0:02:03]} ({Predecessor:} 7... c5 8. c3 Bd7 9. a4 Bc6 10. Be2 Nd7 11. O-O Nxe5 12. Bxe5 {1-0 (64) Martinovic,S (2550)-Girya,O (2450) Tallinn 2016}) 8. Nc3 {[%emt 0:00:22]} Qa5 {[%emt 0:02:58]} 9. a3 {[%emt 0:02:57]} Ne4 {[%emt 0:04:13]} 10. Bxa6 {[%emt 0:00:36]} Qxa6 {[%emt 0:02:23]} 11. Nxe4 {[%emt 0:06:43]} dxe4 {[%emt 0:00:31]} 12. Qe2 {[%emt 0:01:28]} (12. Qg4 $1 $11 {remains equal.}) 12... Qxe2+ {[%emt 0:02:31]} 13. Kxe2 {[%emt 0:00:21]} c5 {[%emt 0:00:50]} 14. Rhd1 {[%emt 0:01:39]} b6 {[%emt 0:04:07]} (14... cxd4 $17 15. exd4 f6) 15. dxc5 Ba6+ {[%emt 0:02:02]} 16. Ke1 {[%emt 0:02:58]} Bxc5 {[%emt 0:03:07]} 17. b4 {[%emt 0:00:48]} (17. Nd7 $5 {[%cal Rd7f8]} Rfc8 18. b3 $11) 17... Be7 {[%emt 0:01:19]} 18. Rd7 {[%emt 0:01:10]} Bf6 {[%emt 0:01:02]} 19. Rad1 {[%emt 0:00:52]} (19. a4 $11) 19... Rfc8 {[%emt 0:02:01]} 20. R1d2 {[%emt 0:01:53]} Bb5 {[%emt 0:00:44]} 21. R7d4 {[%emt 0:02:30]} (21. Rb7 $1 $15) 21... Rc3 {[%emt 0:01:23]} 22. Rxe4 {[%emt 0:02:19]} Rac8 {[%emt 0:00:58]} 23. g4 {[%emt 0:02:41]} h6 {[%emt 0:02:58]} ({Don't play} 23... Rxa3 24. c4 $17) 24. Kd1 {[%emt 0:05:53]} (24. Red4 $17) 24... Ba4 {[%emt 0:01:10]} ({Much less strong is} 24... Rxa3 25. c4) 25. Red4 {[%emt 0:01:07]} Bxc2+ {[%emt 0:02:04]} 26. Kc1 {[%emt 0:01:36]} Ba4+ {[%emt 0:01:11]} 27. Kb2 {[%emt 0:00:24]} Rc2+ {[%emt 0:01:38]} 28. Rxc2 {[%emt 0:01:06]} Rxc2+ {[%emt 0:00:27]} 29. Kb1 {[%emt 0:00:27]} Rxf2 {[%emt 0:00:55]} 30. Rc4 {[%emt 0:00:39]} Rf1+ {[%emt 0:02:20]} 31. Ka2 {[%emt 0:01:55]} (31. Rc1 $142 Bb5 32. Rxf1 Bxf1 33. Kc2) 31... Rf2+ {[%emt 0:00:36]} 32. Kb1 {[%emt 0:00:27]} Rf1+ {[%emt 0:01:09]} 33. Ka2 {[%emt 0:00:23]} Re1 {[%emt 0:03:28]} 34. Rc8+ {[%emt 0:01:22]} Kh7 {[%emt 0:00:28]} 35. Rc7 {[%emt 0:00:57]} Bxe5 {[%emt 0:01:10]} 36. Bxe5 {[%emt 0:00:22]} Rxe3 {[%emt 0:00:42]} 37. Bb2 {[%emt 0:01:07]} Kg6 {[%emt 0:01:18]} 38. h4 {[%emt 0:00:50]} Bb3+ {[%emt 0:01:01]} 39. Kb1 {[%emt 0:00:35]} Re1+ {[%emt 0:02:20]} 40. Rc1 {[%emt 0:03:05]} Rxc1+ {[%emt 0:30:55]} 41. Bxc1 {[%emt 0:30:23]} Bd1 {[%emt 0:00:26]} 42. g5 {[%emt 0:00:56]} h5 {[%emt 0:00:24]} 43. Bb2 {[%emt 0:01:19]} f6 {[%emt 0:00:44]} 44. Kc1 {[%emt 0:01:13]} Bb3 {[%emt 0:00:36]} ({Less strong is} 44... fxg5 45. Kxd1 gxh4 46. Ke2 $15) 45. Kd2 {[%emt 0:01:05]} fxg5 {[%emt 0:00:35]} 46. hxg5 {[%emt 0:00:21]} Kxg5 {[%emt 0:00:21]} 47. Bxg7 {[%emt 0:00:22]} Kf5 {[%emt 0:00:40]} 48. Ke2 {[%emt 0:02:40]} Bd5 {[%emt 0:00:40]} (48... h4 $19 49. Kf2 e5) 49. Bd4 {[%emt 0:01:51]} (49. Bf8 $17) 49... Kf4 {[%emt 0:00:36]} (49... h4 $19 50. Bf2 Kg4) 50. Kf2 {[%emt 0:00:45]} (50. Bf6 $17 {keeps fighting.}) 50... h4 {[%emt 0:00:39]} 51. a4 {[%emt 0:01:17]} h3 {[%emt 0:00:31]} 52. Kg1 {[%emt 0:00:22]} e5 {[%emt 0:00:29]} 53. Bf2 {[%emt 0:04:12]} Kf3 {[%emt 0:00:25]} 54. Bh4 $19 {[%emt 0:01:13]} Bb3 {[%emt 0:00:49]} 55. a5 {[%emt 0:00:26]} bxa5 {[%emt 0:00:21]} 56. bxa5 {[%emt 0:00:23]} a6 {[%emt 0:00:23]} 57. Be1 {[%emt 0:01:21]} e4 {[%emt 0:00:26]} 58. Bb4 {[%emt 0:00:54]} Ke2 {[%emt 0:00:28]} 59. Kh2 {[%emt 0:00:46]} Be6 {[%emt 0:00:21]} 60. Kg1 {[%emt 0:00:29]} Kd3 {[%emt 0:00:49]} 61. Be1 {[%emt 0:00:37]} e3 {[%emt 0:00:28]} 62. Bg3 {[%emt 0:00:23]} Ke2 {[%emt 0:00:37]} 63. Bh4 {[%emt 0:00:27]} Kd1 {[%emt 0:00:30]} 0-1

[Event "Israel Team Ch Under 18"]
[Site "Jerusalem"]
[Date "2017.08.14"]
[Round "4"]
[White "Garber, Tal"]
[Black "Leshem, Yonatan"]
[Result "1-0"]
[WhiteElo "1835"]
[BlackElo "1659"]
[Annotator "NA RC"]
[PlyCount "117"]
[EventDate "2017.??.??"]
[EventType "swiss"]
[EventCountry "ISR"]
[SourceTitle "playchess.com"]
[Source "ChessBase"]
[SourceQuality "1"]
[TimeControl "40/5400+30:1800+30"]

{[%evp 8,96,61,20,70,56,47,44,70,17,46,50,50,47,73,55,54,29,33,56,72,12,0,-17,0,-1,20,8,23,9,18,0,49,42,64,18,74,62,100,99,120,29,79,83,113,91,125,109,167,56,32767,27,29,34,32767,32767,32767,32767,32767,32767,49,48,32767,32767,32767,32767,82,80,79,32767,32767,32767,32767,68,66,72,59,32767,32767,32767,32767,30,444,32767,32767,32767,32767,392,381,260,485]} 1. c4 g6 2. e4 Bg7 3. Nf3 Nc6 4. d4 d6 {LiveBook: 82 Games} 5. Be2 Bd7 6. O-O e5 7. Be3 f5 8. Bg5 Nge7 9. d5 Nd4 10. Nxd4 exd4 11. exf5 Bxf5 12. Bd3 O-O $1 13. Re1 Bf6 14. Bh6 (14. Bxf6 $16 Rxf6 15. Qe2) 14... Rf7 15. Na3 Bxd3 16. Qxd3 Bh4 17. g3 Nf5 18. Bd2 Bf6 19. Re6 Qf8 20. Rae1 Ng7 21. R6e4 Nf5 22. Nc2 Bg7 23. b3 c5 24. f4 ({White should play} 24. dxc6 $1 $16 bxc6 25. Nb4) 24... Re7 25. Rxe7 Nxe7 26. Re6 Rd8 27. Ne1 Nf5 28. Nf3 (28. g4 $16 Ne7 29. Qe4) 28... Bf6 29. Qe2 (29. g4 $5 {[%cal Rg4f5]} Ng7 30. Re2 $14) 29... Ng7 30. Re4 Re8 31. Rxe8 Qxe8 32. Qxe8+ Nxe8 33. Ne1 b6 34. Nd3 Kf7 35. Kg2 Be7 36. Kf3 a5 37. Nf2 Nf6 38. Ne4 Nxe4 39. Kxe4 Kf6 40. Be1 h5 41. h3 Kf7 42. g4 hxg4 43. hxg4 Bf6 44. Bd2 g5 $2 (44... Bh4 $14) 45. fxg5 Be5 46. Kf5 Kg7 47. Ke6 Kg6 48. Kd7 d3 $18 49. Kc6 Bg3 50. Kxb6 Bh4 51. Kc6 Bxg5 52. Bxa5 Bf4 53. Bc3 Kg5 54. a4 Kxg4 55. a5 Kf3 56. a6 Ke2 57. a7 Bd2 58. Bxd2 Kxd2 59. a8=Q 1-0

[Event "Israel Team Ch Under 18"]
[Site "Jerusalem"]
[Date "2017.08.14"]
[Round "4"]
[White "Tillinger, Aviv"]
[Black "Shapira, Gal"]
[Result "1-0"]
[WhiteElo "1815"]
[BlackElo "1651"]
[Annotator "NA RC"]
[PlyCount "45"]
[EventDate "2017.??.??"]
[EventType "swiss"]
[EventCountry "ISR"]
[SourceTitle "playchess.com"]
[Source "ChessBase"]
[SourceQuality "1"]
[TimeControl "40/5400+30:1800+30"]

{[%evp 21,45,27,29,20,29,21,17,35,41,54,64,54,66,57,73,50,93,71,262,274,310,339,613,643,643,732]} 1. e4 c5 2. Nf3 Nc6 3. d4 cxd4 4. Nxd4 e5 5. Nb5 d6 6. c4 Be7 7. N1c3 a6 8. Na3 f5 9. exf5 Bxf5 10. Bd3 Be6 11. O-O Nf6 12. Nc2 {B32: Sicilian: Löwenthal and Kalashnikov Variations} O-O (12... Qd7 13. Bg5 O-O 14. b3 Bd8 15. Rb1 Bb6 16. Be3 Bc7 17. Qd2 h6 18. f3 Rad8 19. Be4 Ba5 {½-½ (52) Andreikin,D (2736)-Roganovic,M (2478) Novi Sad 2016}) 13. Ne3 Rc8 {LiveBook: 3 Games} 14. b3 Nd4 15. Bb2 Qb6 16. Ne2 $146 ({Predecessor:} 16. Ne4 Nxe4 17. Bxe4 Nf5 18. Nd5 Qd8 19. Qd3 Kh8 20. Rad1 Bg5 21. Kh1 h6 22. f4 exf4 23. Nxf4 Bxf4 24. Rxf4 Qd7 25. Rdf1 Rce8 26. g4 {1-0 (26) Mannion,S (2365)-Vandervorst,J (2005) Cappelle-la-Grande 2014}) 16... Nxe2+ 17. Qxe2 Nd7 18. Qc2 h6 19. Bf5 Nc5 $2 {[#]} (19... Bxf5 $14 20. Nxf5 Rf7) 20. b4 $1 Bxf5 21. Nxf5 Rxf5 $18 (21... Bf6 22. bxc5 Qxc5) 22. Qxf5 Rf8 23. bxc5 1-0

[Event "Israel Team Ch Under 18"]
[Site "Jerusalem"]
[Date "2017.08.14"]
[Round "4"]
[White "Barak, Gil"]
[Black "Feldman, Antony"]
[Result "1/2-1/2"]
[WhiteElo "1809"]
[BlackElo "1975"]
[Annotator "NA RC"]
[PlyCount "46"]
[EventDate "2017.??.??"]
[EventType "swiss"]
[EventCountry "ISR"]
[SourceTitle "playchess.com"]
[Source "ChessBase"]
[SourceQuality "1"]
[TimeControl "40/5400+30:1800+30"]

1. e4 {[%emt 0:40:15]} g6 {[%emt 0:40:55]} 2. d4 {[%emt 0:00:30]} Bg7 {[%emt 0:00:22]} 3. Nc3 {[%emt 0:00:35]} c6 {[%emt 0:00:24]} 4. a4 {[%emt 0:00:24]} d5 {[%emt 0:00:23]} 5. exd5 {[%emt 0:02:01]} cxd5 {[%emt 0:01:13]} 6. Nf3 {[%emt 0:00:28]} Nf6 {[%emt 0:00:25]} 7. Bd3 {[%emt 0:01:07]} Nc6 {[%emt 0:00:25]} 8. h3 {[%emt 0:02:19]} O-O {[%emt 0:00:24]} 9. O-O {[%emt 0:01:07]} Nb4 {[%emt 0:00:26]} 10. Re1 {[%emt 0:00:51]} Nxd3 {[%emt 0:08:00]} 11. Qxd3 {[%emt 0:00:39]} Bf5 {[%emt 0:00:21]} 12. Qe2 {[%emt 0:00:45]} Ne4 {[%emt 0:08:12]} 13. Be3 {[%emt 0:01:34]} Nxc3 {[%emt 0:02:23]} 14. bxc3 {[%emt 0:00:38]} h6 {[%emt 0:01:12]} 15. Qb5 {[%emt 0:09:31]} Qd6 {[%emt 0:13:34]} 16. Ne5 {[%emt 0:04:29]} g5 {[%emt 0:04:17]} 17. Nd3 {[%emt 0:02:44]} b6 {[%emt 0:01:55]} 18. Bc1 {[%emt 0:02:11]} Be6 {[%emt 0:00:49]} 19. Ba3 {[%emt 0:09:29]} Qc7 {[%emt 0:00:22]} 20. Qb3 {[%emt 0:00:53]} Rac8 {[%emt 0:01:11]} 21. Bb2 {[%emt 0:02:26]} Bf6 {[%emt 0:02:46]} 22. Nb4 {[%emt 0:01:49]} Qc4 {[%emt 0:03:38]} 23. Re3 {[%emt 0:03:36]} a5 {[%emt 0:00:30]} 1/2-1/2